Loading...
History - World History | 0 | 9 | 1 | 0 | 85 | 35 | 54.33 | 3 | 8 |
History - European History | 0 | 5 | 1 | 0 | 45 | 33 | 49.40 | 4 | 4 |
Philosophy | 0 | 4 | 3 | 0 | 25 | 34 | 63.25 | 2 | 4 |
Literature - British Literature | 0 | 2 | 0 | 0 | 20 | 48 | 54.00 | 1 | 2 |
Science - Physics | 0 | 2 | 0 | 0 | 20 | 65 | 65.00 | 0 | 0 |
Science - Biology | 0 | 2 | 0 | 1 | 20 | 87 | 100.50 | 0 | 0 |
History - Other History | 0 | 2 | 1 | 0 | 15 | 38 | 40.00 | 1 | 2 |
History - American History | 0 | 3 | 3 | 0 | 15 | 24 | 62.33 | 1 | 2 |
Geography/Current Events | 0 | 1 | 0 | 0 | 10 | 80 | 80.00 | 0 | 1 |
Science - Chemistry | 0 | 1 | 0 | 1 | 10 | 121 | 121.00 | 0 | 0 |
Science - Other Science | 0 | 1 | 0 | 0 | 10 | 65 | 65.00 | 0 | 0 |
Literature - European Literature | 0 | 1 | 1 | 1 | 5 | 126 | 126.00 | 0 | 0 |
Social Science | 0 | 2 | 4 | 0 | 0 | 54 | 65.00 | 0 | 2 |
Religion | 0 | 1 | 2 | 1 | 0 | 133 | 133.00 | 0 | 0 |
Pop Culture | 0 | 0 | 1 | 0 | -5 | 0.00 | 0 | 0 |